| 000 | 00538nam a2200181Ia 4500 | ||
|---|---|---|---|
| 999 |
_c29303 _d29303 |
||
| 003 | OSt | ||
| 005 | 20201230143509.0 | ||
| 008 | 190216s9999||||xx |||||||||||||| ||und|| | ||
| 020 | _a9788182640283 | ||
| 040 | _coclc | ||
| 082 |
_a894.8121 _bKEC/P |
||
| 100 |
_aKecheri, Yousafali _97545 |
||
| 245 | 0 |
_aPerariyatha Nombaram / _cYousafali Kecheri |
|
| 260 |
_bMathrubhumi Printing & publishing, _aKozhikode: _c2006. |
||
| 300 | _a120p | ||
| 650 | _aMalayalam | ||
| 942 |
_cBK _2ddc _h894.8121 _iKEC/P _k894.8121 _mKEC/P |
||